| 000 | 00000nas 2200000zi 4500 |
| 001 | 9.505082 |
| 003 | CaOODSP |
| 005 | 20251030165515 |
| 006 | m o d f |
| 007 | cr cn |||||||| |
| 008 | 150406d19972015abcmr p o f0 a0eng|d |
| 022 | |a1495-6543 |
| 040 | |aCaOODSP|beng|erda|cCaOODSP |
| 043 | |an-cn-bc|an-cnp-- |
| 086 | 1 |aC89-2/4E-PDF |
| 210 | 0 |aAccess West |b(Online) |
| 222 | 0|aAccess West |b(Online) |
| 245 | 00|aAccess West. |
| 264 | 1|aEdmonton, Alberta : |bWestern Economic Diversification Canada, |c[1997?-2015] |
| 310 | |aMonthly, |b2014-2015 |
| 321 | |aQuarterly, |b1999-2004 |
| 321 | |aFrequency varies, |b2005-2013 |
| 336 | |atext|btxt|2rdacontent |
| 337 | |acomputer|bc|2rdamedia |
| 338 | |aonline resource|bcr|2rdacarrier |
| 362 | 1 |aBegan with fall 1997? Ceased with: July 2015. |
| 500 | |aPre-2007 issues of the print edition had provincial inserts. The electronic editions of the inserts were published separately until the merger. See also catalogue record for the print edition (C89-2/4E). |
| 500 | |aIssued also in French under title: Accès Ouest. |
| 520 | 3 |aAn update on programs and services for western Canadian entrepreneurs, their business success stories and news on innovative activities from across the West. |
| 588 | |aDescription based on: Winter 1997; title from PDF caption. |
| 588 | |aLatest issue consulted: July 2015. |
| 650 | 0|aDiversification in industry|zCanada, Western|vPeriodicals. |
| 651 | 0|aCanada|xEconomic conditions|vPeriodicals. |
| 655 | 7|aPeriodicals|2lcgft |
| 710 | 1 |aCanada. |bWestern Economic Diversification Canada, |eissuing body. |
| 775 | 08|tAccès Ouest.|w(CaOODSP)9.501482 |
| 776 | 0#|tAccess West |w(CaOODSP)9.515513 |